|
|
|
|
| LEADER |
00682nab a2200205 i 4500 |
| 001 |
tisza18456 |
| 005 |
20200331085734.0 |
| 008 |
161126s2003 hu o 0|| hun d |
| 022 |
|
|
|a 0133-1167
|
| 040 |
|
|
|a SZTE Tiszatáj Archívum
|b hun
|
| 041 |
|
|
|a hun
|
| 100 |
1 |
|
|a Nagy L. János
|
| 245 |
1 |
0 |
|a Weöres Sándor szegedi vonatkozásaiból
|h [elektronikus dokumentum] /
|c Nagy L. János
|
| 260 |
|
|
|c 2003
|
| 300 |
|
|
|a 70-74
|
| 490 |
0 |
|
|a Tiszatáj
|v 57 No. 6
|
| 695 |
|
|
|a Weöres Sándor, Magyar irodalom - 20. sz. - életmű
|
| 700 |
0 |
1 |
|a Nagy Attila
|
| 700 |
0 |
1 |
|a Vörös László
|e aut
|
| 856 |
4 |
0 |
|u http://tiszataj.bibl.u-szeged.hu/18456/1/tiszataj_2003_006_070-074.pdf
|z Dokumentum-elérés
|